| 000 | 00594nam a2200217Ia 4500 | ||
|---|---|---|---|
| 008 | 180523s9999 xx 000 0 und d | ||
| 020 | _a978-81-8356-924-8 | ||
| 050 | _aMAIN TX 911.3 | ||
| 050 | _b.P46B76 2011 | ||
| 100 | _aBrown, Nancy. | ||
| 245 | 4 | _aThe Growth strategies of hotel industry / | |
| 245 | 0 | _cby Nancy Brown. | |
| 260 | _aNew Delhi : | ||
| 260 | _bDiscovery Publishing, | ||
| 260 | _c2011 | ||
| 300 | _a264 pages : | ||
| 300 | _c22 cm. | ||
| 500 | _aIncludes bibliographical references and index. | ||
| 650 | _aHotels -- Planning. | ||
| 650 | _xHotel management. | ||
| 999 |
_c357801 _d357801 |
||